| 000 | 01083nam a2200301Ia 4500 | ||
|---|---|---|---|
| 001 | 33372 | ||
| 003 | IT-RoPAU | ||
| 008 | 130308s9999 xx 000 0 und d | ||
| 040 | _aIT-RoPAU | ||
| 040 | _cIT-RoPAU | ||
| 041 | _aITALIANO | ||
| 100 | _aRocca Giancarlo | ||
| 100 | _gCodice Aut. SPICS: 14701 | ||
| 245 | _aOpus dei (L')-Appunti e documenti per una storia | ||
| 245 | _bOpus dei (L')-Appunti e Documenti per una Storia | ||
| 250 | _a1a ed. | ||
| 260 | _aROMA | ||
| 260 | _bClaretianum | ||
| 260 | _c1985 [1° Ed.:1985 - Ed.Ling.Originale:1985] | ||
| 300 | _a"236 p. (prefazione: no ; testo: 236)" | ||
| 500 | _aPia Unione Società di Vita Comune senza Voti Opus dei Come Primo Istituto secolare Anni dal 1947 al 1950 Approvazione Definitiva Come Istituto secolare dal 1950 al 1962 chiede di Mutare Statuto Giuridico da Istituto secolare a Prelatura 1962 1981 Prelatura Personale Valutazione Generale | ||
| 650 | _aOPERE varie DI CULTURA GENERALE | ||
| 650 | _eCodice materia Spics: 1002 | ||
| 942 | _cBK | ||
| 957 | _71 | ||
| 999 |
_c65149 _d65149 |
||
| 999 | _bSI | ||
| 999 | _g1 | ||